| 000 | 00603nab a2200205 a 4500 | ||
|---|---|---|---|
| 005 | 20210219161214.0 | ||
| 008 | 991125s1985 mx 000 0 spa u | ||
| 035 | _aUPN01000180909 | ||
| 100 | 1 | _aJiménez Torres, Jorge Alfredo | |
| 222 | _aEDUCAR | ||
| 245 | _aCultura científica y cultura jurídica en los estudiantes de derecho | ||
| 260 | _aJalisco, México | ||
| 300 | _a80-90 | ||
| 362 | 0 | _a2010 5a época, no. 54, ago.-oct. | |
| 653 | 0 | _aCONOCIMIENTO CIENTIFICO | |
| 653 | 0 | _aESTUDIANTE UNIVERSITARIO | |
| 653 | 0 | _aDERECHO | |
| 653 | 0 | _aALFABETIZACION CIENTIFICA | |
| 905 | _aArticulo | ||
| 999 |
_c153012 _d153012 |
||